000 01331nam a2200325 a 4500
001 000006398
003 DO-SdBNP
005 20260321073638.0
007 ta
008 090716s2007 dr 000 j spa d
020 _a9993476684
040 _aDO-SdBNP
_bspa
_cBNPHU
_erda
082 4 _aRD863.44
_bB742cu, 2007
_222
100 1 _a Bosch, Juan,
_d1909-2001
_eautor
_4aut.
_976555
245 1 0 _aCuentos escritos en el exilio /
_cJuan Bosch.
250 _acuatrigésima primera edición
264 4 _aSanto Domingo :
_bEditora Alfa & Omega,
_c2007.
300 _a279 páginas ;
_c21 cm.
336 _atexto
_btxt
_2rdacontent
337 _asin mediación
_bn
_2rdamedia
338 _avolumen
_bnc
_2rdacarrier
500 _aIncluye apuntes sobre el arte de escribir cuentos.
505 0 _aApuntes sobre el arte de escribir cuentos --
_rLuis Pie --
_tEn un bohío --
_tLa noche buena de Encarnación Mendoza --
_tEl funeral --
_tRumbo al puerto de origen --
_tLa desgracia --
_tEl hombre que lloró /
_rVictoriano Segura --
_tLa mancha indeleble --
_tEl indio Manuel Sicuri --
_tCuento de navidad.
590 _aInventariado, 2020/MFF
650 4 _aCuentos dominicanos
_9176
650 4 _aLiteratura dominicana.
_967
650 4 _aArte de escribir
_912162
910 _aValidado. Control de calidad MMOLINA
942 _2ddc
_cLBS1
999 _c6193
_d6193